000 00252nam a22001217a 4500
041 _aENG
100 _aA.G.Ramakrishnan
245 _aBiovision 2001
260 _aBangalore
_bICER
_c2001
300 _a276
650 _aAPE ( 02 )
856 _uAPE ( 02 )
999 _c2828
_d2828